La Poesía Sagrada Hebraico Española / por José Ma Millás Vallicrosa...
Publicado:
Madrid :
Consejo Superior de Investigaciones Científicas, Patronato M. Menéndez Pelayo, Instituto Arias Montano ,
1940
Descripción Física:
XII, 367 p. ; 28 cm
MARC
| LEADER | 00000nam a2200000Ia 4500 | ||
|---|---|---|---|
| 001 | 1597 | ||
| 003 | BGR | ||
| 005 | 20260324175233.0 | ||
| 008 | 160829s1940 xx 000 0 cat d | ||
| 080 | |a F-1-1 | ||
| 100 | |a Millàs i Vallicrosa, Josep Maria |9 22588 | ||
| 245 | |a La Poesía Sagrada Hebraico Española / por José Ma Millás Vallicrosa... | ||
| 260 | |a Madrid : |b Consejo Superior de Investigaciones Científicas, Patronato M. Menéndez Pelayo, Instituto Arias Montano, |c 1940 | ||
| 300 | |a XII, 367 p. ; |c 28 cm | ||
| 490 | |a Publicaciones de la Escuela de Estudios Hebraicos. Serie A ; 1 | ||
| 590 | |a A la part superior de la portada : Consejo Superior de Investigaciones Científicas. Instituto Arias Montano. | ||
| 650 | |a Poesia religiosa castellana |9 22589 | ||
| 650 | |a Poesia religiosa hebrea |9 22590 | ||
| 710 | 2 | |a Instituto Arias Montano de Estudios Hebraicos y de Oriente Próximo (Madrid) |9 71140 | |
| 901 | |a Arxiu | ||
| 942 | |n 1 |2 udc |c MON | ||
| 952 | |0 0 |1 0 |4 0 |6 F11 |7 1 |9 42247 |a Arxiu |b Arxiu |d 2016-12-01 |l 0 |o F-1-1 |p 1597 |r 2016-12-01 00:00:00 |w 2016-12-01 |y ARXIU | ||
| 999 | |c 44725 |d 44725 | ||